The twilight of splendor : chronicles of the age of American palaces /

Bibliographic Details
Main Author: Maher, James T.
Format: Book
Language:English
Published: Boston : Little, Brown, 1975.
Edition:1st ed.
Subjects:

MARC

Tag First Indicator Second Indicator Subfields
LEADER 00000pam a2200000 i 4500
001 in00000491213
005 20151013053132.0
008 750708s1975 maua b 00110deng
010 |a  75022292  
020 |a 0316543853 
035 |a (OCoLC)01531839 
035 |9 ACB8231AM 
040 |a DLC  |c DLC  |d TXA  |d UtOrBLW 
043 |a n-us--- 
049 |a TXAM  |c 1 [1235905], 2 [1139353] 
050 0 0 |a E168  |b .M24 
082 0 |a 973.91 
100 1 |a Maher, James T. 
245 1 4 |a The twilight of splendor :  |b chronicles of the age of American palaces /  |c by James T. Maher. 
250 |a 1st ed. 
264 1 |a Boston :  |b Little, Brown,  |c 1975. 
300 |a xix, 453 pages :  |b illustrations ;  |c 25 cm. 
336 |a text  |b txt  |2 rdacontent 
337 |a unmediated  |b n  |2 rdamedia 
338 |a volume  |b nc  |2 rdacarrier 
500 |a Includes index. 
504 |a Bibliography: pages [408]-439. 
505 0 |a Whitemarsh Hall.--Ca'd'Zan.--Vizcaya.--San Marino.--Shadow Lawn. 
650 0 |a Palaces  |z United States. 
650 0 |a Upper class  |z United States. 
651 0 |a United States  |x Social life and customs  |y 1865-1918. 
651 0 |a United States  |x Social life and customs  |y 1918-1945. 
999 |a MARS 
999 f f |s 71b4edcf-c466-3c1e-9be4-32f8ab7b7a42  |i ffc911ee-55ea-39a1-9fca-b10c18cec886  |t 0 
952 f f |p normal  |a Texas A&M University  |b College Station  |c Sterling C. Evans Library  |d Evans: Library Stacks  |t 0  |e E168 .M24  |h Library of Congress classification  |i unmediated -- volume  |m A14802153521 
952 f f |p ric  |a Texas A&M University  |b Rellis Campus  |c Joint Library Facility  |d Remote Storage  |t 0  |e E168 .M24  |h Library of Congress classification  |i unmediated -- volume  |m A14802153513 
998 f f |a E168 .M24  |t 0  |l Remote Storage 
998 f f |a E168 .M24  |t 0  |l Evans: Library Stacks